Course/syllabus design and materials writing for postgraduate language study

Gespeichert in:
Bibliographische Detailangaben
1. Verfasser: Blašková, Kornélia
Format: Buchkapitel
Sprache:Englisch
Schlagworte:
Tags: Tag hinzufügen
Keine Tags, Fügen Sie das erste Tag hinzu!

MARC

LEADER 00000naa$a2200000$$$4500
001 0015110
005 20240502071400.7
041 0 |a eng 
044 |a SK 
245 1 0 |a Course/syllabus design and materials writing for postgraduate language study  |c Kornélia Blašková 
610 2 0 |a jazyky cudzie 
610 2 0 |a štúdium postgraduálne 
610 2 0 |a kurzy 
610 2 0 |a komunikácia 
610 2 0 |a trh práce 
610 2 0 |a modernizácia 
610 2 0 |a metodológia 
610 2 0 |a Slovensko 
100 1 |a Blašková, Kornélia